000 nam a22 a 4500
999 _c423971
_d423971
003 BLK
005 20210715133102.0
008 210209b bu ||||| |||| 00| 0 bu d
040 _aBLK
_cBLK
041 1 _aFRE
_cFRE
080 _aКласическа гръцка литература. Старогръцка литература
_b821.142
_x-1
_z821.142-1
100 _aHomere
_91299
_eпърви автор
139 _aHomere
_bH 76
245 1 2 _aOdyssee
_bChant VI
_cHomere ; texte grec publie avec un argument analytique et des notes en francais par A. Pierron
257 _aFRA
260 _aParis
_bLibr. Hachette et C-ie
_c1887
300 _a31 p.
_c16 cm
380 _aX
490 _9207033
_aClassiques grecs
490 _9435080
_aКолекция Редки и ценни издания
700 _9175
_aPierron, Alexis
_enotice et notes par
852 _aРф 887
_bРц
942 _cKNG
_n0
_s1
944 _aCR
_c2021-07-15
_kВК